|
|
|
|
| LEADER |
00701nam a22002412a 4500 |
| 001 |
000314411 |
| 003 |
CZ BrMZK |
| 005 |
20141111100407.0 |
| 007 |
ta |
| 008 |
980105s1970 xr f cze d |
| 015 |
|
|
|a cnb000452636
|
| 035 |
|
|
|a (OCoLC)85354802
|
| 040 |
|
|
|a BOA001
|b cze
|
| 080 |
9 |
|
|a 268:22
|
| 100 |
1 |
|
|a Hájek, Viktor,
|d 1900-1968
|7 jk01033087
|4 aut
|
| 245 |
1 |
0 |
|a Biblická dějeprava /
|c Viktor Hájek
|
| 250 |
|
|
|a 3. vyd.
|
| 260 |
|
|
|a Praha :
|b Ústřední církevní nakladatelství,
|c 1970
|
| 300 |
|
|
|a 214 s.
|
| 910 |
|
|
|a BOA001
|b 2-0422.255-70
|
| 990 |
|
|
|a BK
|
| 991 |
|
|
|b 201408
|
| 996 |
6 |
|
|b 2619792085
|c 2-0422.255-70
|l MZK
|r Sklad / do 24 hodin
|n 6
|w 000314411
|u 000010
|a 1
|e BOA001
|j MZK50
|s P
|